1873 1130 1466 1240 1760 1411 1753 1494 1887 1472 1482 1592 1922 1579 1454 1589 1043 1162 1963 1504 1808 1773 1434 1686 1262 1733 1114 1686 1148 1136 1688 1929 1444 1240 1493 1127 1659 1861 1167 1415 1705 1174 1472 1854 1124 1222 1715 1544 1241 1565 1529 1034 1593 1281 1442 1190 1844 1966 1225 1935 1810 1163 1307 1684 1492 1283 1942 1208 1213 1296 1185 1803 1851 1344 1587 1426 1436 1922 1296 1292 1854 1808 1894 1330 1505 1762 1112 1721 1332 1039 1343 1316 1054 1523 1843 1138 1391 1491 1963 BCNSPRNW ULIB Ver.6.0+V

เปลี่ยนเป็นภาษาไทย

Change to English
 แสดงรายละเอียดบรรณานุกรม
  กลับหน้าหลัก

Brief Record : Get Marc (ISO 2709) : E-mail record : QR code < ปิดหน้าต่าง
LEADER : 00000nam 2200000uu 4500
001    13399111436
003     ULIB
008    110627s||||||||th 000 0 tha d
020    9786165020640
090    นว.^bญ242ธ 2554
100 0  ญาณา
245 00 ธาราหัวใจ/^cญาณา
250    พิมพ์ครั้งที่ 1
260    กรุงเทพฯ :^bSugar Beat,^c2554
300    367 หน้า
945    ^p230^l0^i030181
995    ทศพร
999 ^a ใช้งานได้ทุกระบบ
รายการนี้ยังไม่มีแท็ก
คุณยังไม่ได้ล็อกอิน คุณสามารถมีกิจกรรมร่วมกับเว็บไซต์ได้ แต่ต้องล็อกอินก่อน ::
  ล็อกอิน

รายการสื่อสารสนเทศ

ลำดับที่ ประเภท เลขเรียก/บาร์โค้ด สถานที่ สถานะ
- ไม่พบข้อมูล -

รายการใกล้เคียง
    ผู้แต่ง [ญาณา]

BibComment


ยังไม่เคยถูกคอมเมนท์

คอมเมนท์ทรัพยากรรายการนี้
  คอมเมนท์: ธาราหัวใจ ญาณา


 Copyright 2026. Bcnsprnw @Library